Quizz sur les Dictateurs - Statistiques

Statistiques générales
  • Ce quiz a été pris 619 fois
  • Le résultat moyen est 9 sur 16
Statistiques - réponses
Par images Réponse % Correct
Adolf Hitler
100%
Jospeh Staline
97%
Kim Jong Un
81%
Vladimir Lénine
80%
Jules César
78%
Benito Mussolini
75%
Fidel Castro
68%
Mao Zedong
64%
Francisco Franco
58%
Kim Jong Il
58%
Saddam Hussein
45%
Hiro Hito
41%
Pol pot
38%
Tito
28%
Nikita khrouchtchev
9%
Erich Henecker
1%
Aucun quiz correspondant
Distribution des résultats
% des personnes avec chaque résultat
Percentile par nombre de réponses
Votre historique - résultats
Vous n’avez pas pris ce quiz